| 000 | 00874nam a2200217Ia 4500 | ||
|---|---|---|---|
| 001 | b6648-47800 | ||
| 003 | IT-MiCISF | ||
| 008 | 161014s9999||||xx |||||||||||||| ||und|| | ||
| 040 |
_aIT-MiCISF _cIT-MiCISF |
||
| 041 | _ait | ||
| 100 | _aAttias-Donfut Claudine (a cura di) | ||
| 245 | 0 |
_aIl secolo dei nonni _bLa rivalutazione di un ruolo |
|
| 250 | _a1a ed. | ||
| 260 |
_a Roma _bArmando _c2005 [Edizione originale: 2001] |
||
| 300 | _app. 175 | ||
| 500 | _aPerrot M., Attias-Donfut C., Segalen M., Renard P., Tobio C., Herlyn I., Gessat-Anstett E., Capo Zmegac J., Hawker S., Allan G., Crow G., Dench G., Ogg J., Drew L.M., Smith P.K., Raveis V.H., Burnette D., Uhlenberg P. / rapporti-nonni-nipoti, società , rapporti-intergenerazionali, esperienze / | ||
| 650 | _afamiglia | ||
| 700 | _aSegalen Martine (a cura di) | ||
| 942 | _cBK | ||
| 957 | _71 | ||
| 999 |
_a47800 _bsi _g1 _c210376 _d210376 |
||